Personnages Teen Wolf - Statistiques

Statistiques générales
  • Ce quiz a été pris 470 fois
  • Le résultat moyen est 34 sur 60
Statistiques - réponses
Hint Réponse % Correct
1 Scott McCall
99%
3 Lydia Martin
98%
2 Stiles Stilinski
98%
8 Derek Hale
95%
5 Allison Argent
93%
7 Liam Dunbar
93%
4 Malia Hale
92%
9 Peter Hale
91%
10 Kira Yukimura
89%
31 Melissa McCall
89%
13 Sheriff Stilinski
89%
22 Chris Argent
86%
12 Théo Raeken
85%
26 Aiden
84%
27 Ethan
84%
6 Isaac Lahey
81%
18 Mason Hewitt
81%
11 Jackson Whittemore
80%
23 Gérard Argent
78%
21 Kate Argent
77%
25 Deucalion
76%
16 Hayden Romero
76%
48 Cora Hale
73%
17 Corey Bryant
73%
32 Rafael McCall
72%
24 Victoria Argent
71%
47 Talia Hale
66%
29 Alan Deaton
64%
19 Erica Reyes
63%
14 Jordan Parrish
63%
20 Vernon Boyd
61%
39 Coach Bobby Finstock
56%
15 Brett Talbot
55%
34 Nathalie Martin
55%
28 Danny Mahealani
53%
56 Jennyfer Blake
52%
45 Kali
52%
41 Ken Yukimura
50%
33 Meredith Walker
48%
40 Noshiko Yukimura
48%
49 Laura Hale
45%
46 Ennis
42%
30 Braeden
39%
44 Tracy
28%
38 Adrian Harris
25%
58 La louve du désert
25%
37 Marin Morrell
25%
42 Donovan
23%
50 Satomi Ito
23%
36 Mr. Lahey
21%
43 Josh
20%
60 Marie-Jeanne Valet
15%
54 Les cavaliers fantômes
14%
59 Sébastian Valet
14%
35 Lorraine Martin
13%
55 Gabriel Valack
12%
52 Le pathologiste
11%
53 La généticienne
10%
51 Le généticien
10%
57 Le muet
8%
Aucun quiz correspondant
Distribution des résultats
% des personnes avec chaque résultat
Percentile par nombre de réponses
Votre historique - résultats
Vous n’avez pas pris ce quiz